| 000 | 00364nam a2200133Ia 4500 | ||
|---|---|---|---|
| 005 | 20260328104327.0 | ||
| 008 | 260328s9999||||xx |||||||||||||| ||und|| | ||
| 100 | _aDale Mulfinger | ||
| 245 | 4 |
_aThe Family Cabin : _b Inspiration for Camps, Cottages and Cabins / _cDale Mulfinger |
|
| 260 | _bTaunton | ||
| 300 | _a265 p. | ||
| 650 | _aCASAS DE CAMPO | ||
| 942 | _cBK | ||
| 999 |
_c11568 _d11568 |
||